000 00659nam a2200205Ii 4500
003 JO-AjNU
008 230606s9999||||xx |||||||||||||| ||und||
020 _a978-1-5756-543-0/978-1-57586-544-7
040 _aJO-AjNU
_beng
_erda
_cJO-AjNU
041 _aeng
050 1 4 _aPJ6074.A75 2010
100 3 _aتاليف Farghaly,Ali,
_eauthor
_92631
245 0 0 _aArabic Computational Linguistics
264 3 1 _aUS: CSLI Publications,2010
300 _a343p
336 _atext
_btxt
_2rdacontent
337 _aunmediated
_bn
_2rdamedia
338 _avolume
_bnc
_2rdacarrier
650 4 _aArabic Language-Discourse analysis-Data Processing-Translating-Machine
_92632
999 _aE1375
_c1375
_d1375